000 01682nam a22002657a 4500
005 20120823123643.0
010 _aB-461477-481
020 _a8171563740
_c825.00
035 _aB-461477-481
037 _adpl
_bVirtuous Pub/Ven
082 _a954.0842
100 _aIkram, S.M.
_951492
245 _aIndian Muslims and partition of India/
_cby S.M.Ikram
260 _aNew Delhi
_bAtlantic Publishers
_c1992
270 _aB-2, Vishal Enclave
_bNew Delhi
_e110027
300 _a533p.
_c22cm (Hb)
500 _aIt includes bibliographical references and index
942 _2ddc
_cEN
_mIKR
_h954.0842
999 _c69246
_d69246